000 00465nam a2200181Ia 4500
001 24959
005 20260414151118.0
008 260414t2015||||xx |||||||||||||| ||spa||
041 _aESP
082 _a346C5
_bR46 T. 3
100 _aRevoredo Marsano, Delia
_eAUT
245 0 _aCódigo civil :
_bexposición de motivos y comentarios
260 _c2015
300 _axxxi, 553 páginas :
_c24 cm.
650 _aDER
654 _aCDE
942 _cLIB
_dJUS
_fJUS
_2ddc
_n
999 _c24959
_d24959